[Event "Bangkok Olympiad Qual"]
[Site "Bangkok"]
[Date "2024.03.25"]
[Round "2"]
[White "Bodemar, Jonathan"]
[Black "Srivatanakul, Pricha"]
[Result "1-0"]
[WhiteElo "1926"]
[BlackElo "1624"]
[PlyCount "59"]
[EventDate "2024.03.24"]
[EventType "swiss"]
[EventRounds "7"]
[EventCountry "THA"]
[SourceTitle "CB14_2024"]
[SourceDate "2024.04.01"]
[SourceVersion "1"]
[SourceVersionDate "2024.04.01"]
[SourceQuality "1"]

1. e4 d6 2. d4 Nf6 3. Nc3 c6 4. f4 Qa5 5. Bd3 Bg4 6. Nf3 Nbd7 7. h3 Bxf3 8. Qxf3 e5 9. Be3 exd4 10. Bxd4 Be7 11. 0-0 0-0 12. a3 Qc7 13. g4 c5 14. Be3 c4 15. Be2 a6 16. g5 Ne8 17. Nd5 Qd8 18. Bxc4 Rc8 19. Bb3 Nc5 20. Ba2 Nc7 21. Nb6 Rb8 22. Rad1 Qe8 23. Bxc5 dxc5 24. Nd7 Ne6 25. Bxe6 fxe6 26. Qg4 e5 27. Qe6+ Kh8 28. Nxb8 exf4 29. Nd7 Rf7 30. Ne5 1-0

[Event "Asia-ch Seniors"]
[Site "Tagaytay City"]
[Date "2023.10.19"]
[Round "7"]
[White "Srivatanakul, Pricha"]
[Black "Schain, Randolph"]
[Result "0-1"]
[WhiteElo "1354"]
[BlackElo "2116"]
[PlyCount "62"]
[EventDate "2023.10.15"]
[EventType "swiss"]
[EventRounds "9"]
[EventCountry "PHI"]
[SourceTitle "Mega2024 Update 01"]
[Source "Chessbase"]
[SourceDate "2023.11.12"]
[SourceVersion "1"]
[SourceVersionDate "2023.11.12"]
[SourceQuality "1"]

1. c4 e5 2. Nc3 Nf6 3. g3 d6 4. Bg2 g6 5. d3 Bg7 6. Bg5 h6 7. Bxf6 Qxf6 8. Qd2 0-0 9. Nf3 c6 10. 0-0-0 Be6 11. h4 Nd7 12. Rdg1 b5 13. cxb5 cxb5 14. Kb1 Rab8 15. Bh3 d5 16. Bxe6 Qxe6 17. h5 b4 18. Nd1 e4 19. dxe4 dxe4 20. Ne1 g5 21. f4 exf3 22. exf3 Nb6 23. Qe3 Qf6 24. f4 Rfd8 25. Nd3 Nc4 26. fxg5 hxg5 27. Qe2 Rxd3 28. Qxd3 Nxb2 29. Qf1 Qe5 30. Qe1 Qf5+ 31. Kc1 Rc8+ 0-1

[Event "Asia-ch Seniors"]
[Site "Tagaytay City"]
[Date "2023.10.15"]
[Round "1"]
[White "Molina, Antonio"]
[Black "Srivatanakul, Pricha"]
[Result "1-0"]
[WhiteElo "1969"]
[BlackElo "1354"]
[PlyCount "85"]
[EventDate "2023.10.15"]
[EventType "swiss"]
[EventRounds "9"]
[EventCountry "PHI"]
[SourceTitle "Mega2024 Update 01"]
[Source "Chessbase"]
[SourceDate "2023.11.12"]
[SourceVersion "1"]
[SourceVersionDate "2023.11.12"]
[SourceQuality "1"]

1. d4 c6 2. c4 Nf6 3. Nc3 d5 4. Nf3 Bf5 5. Qb3 Qb6 6. Qxb6 axb6 7. cxd5 Nxd5 8. Nxd5 cxd5 9. Bf4 e6 10. e3 Bb4+ 11. Nd2 f6 12. a3 g5 13. Bc7 Nd7 14. Bb5 Ke7 15. Rc1 Bd6 16. Bxd7 Kxd7 17. Bxb6 Ra6 18. Bc5 Rc8 19. Ke2 Rac6 20. Nb3 b6 21. Bxd6 Kxd6 22. Rxc6+ Rxc6 23. Rc1 h5 24. Kd2 h4 25. a4 g4 26. g3 hxg3 27. hxg3 e5 28. Rc3 Be4 29. Nc1 exd4 30. exd4 Rc4 31. Rxc4 dxc4 32. Ne2 Bc6 33. Nc3 Ke6 34. Ke3 Kf5 35. d5 Bd7 36. Kd4 Be8 37. Kxc4 Ke5 38. b4 f5 39. a5 b5+ 40. Kc5 Bd7 41. a6 Bc8 42. a7 Bb7 43. d6 1-0

[Event "THA-ch 46th"]
[Site "Bangkok"]
[Date "2023.04.14"]
[Round "5"]
[White "Srivatanakul, Pricha"]
[Black "Burbach, Brunel Baron"]
[Result "0-1"]
[WhiteElo "1275"]
[BlackElo "1934"]
[PlyCount "60"]
[EventDate "2023.04.12"]
[EventType "swiss"]
[EventRounds "9"]
[EventCountry "THA"]
[SourceTitle "CBM 213 Extra"]
[Source "ChessBase"]
[SourceDate "2023.05.31"]
[SourceVersion "1"]
[SourceVersionDate "2023.05.31"]
[SourceQuality "1"]

1. Nf3 Nf6 2. g3 d5 3. b3 c5 4. Bg2 Nc6 5. Bb2 Qc7 6. 0-0 e5 7. d3 Bd6 8. Nbd2 Bf8 9. Nb1 Bd6 10. Nbd2 0-0 11. e4 d4 12. Nc4 Be7 13. a4 Be6 14. Na3 a6 15. Qd2 Rab8 16. Ng5 Bd7 17. c3 b5 18. axb5 axb5 19. cxd4 cxd4 20. Rfc1 h6 21. Nf3 Qb6 22. Nh4 Bb4 23. Qd1 Be6 24. Nf5 g6 25. Rxc6 Qxc6 26. Ne7+ Bxe7 27. f4 Qd6 28. fxe5 Qxe5 29. Nc2 Bxb3 30. Bxd4 Bc5 0-1

[Event "Bangkok Chinese New Year"]
[Site "Bangkok"]
[Date "2022.02.02"]
[Round "4"]
[White "Habla, Jony"]
[Black "Srivatanakul, Pricha"]
[Result "1-0"]
[WhiteElo "2208"]
[BlackElo "1273"]
[PlyCount "53"]
[EventDate "2022.02.01"]
[EventType "tourn"]
[EventRounds "7"]
[EventCountry "THA"]
[SourceTitle "CBM 206 Extra"]
[Source "ChessBase"]
[SourceDate "2022.03.31"]
[SourceVersion "1"]
[SourceVersionDate "2022.03.31"]
[SourceQuality "1"]

1. d4 Nf6 2. c4 e6 3. Nf3 b6 4. Bg5 Bb4+ 5. Nbd2 h6 6. Bf4 Bb7 7. a3 Be7 8. Qc2 g5 9. Bg3 Nh5 10. Be5 Nf6 11. h3 Nc6 12. Bh2 Bd6 13. Bg1 Be7 14. e4 d5 15. cxd5 exd5 16. Bb5 dxe4 17. Bxc6+ Bxc6 18. Qxc6+ Kf8 19. Nxe4 Kg7 20. Bh2 Nd5 21. 0-0 f5 22. Be5+ Kh7 23. Nc3 Nxc3 24. bxc3 Bd6 25. Bxh8 Qxh8 26. Qd7+ Qg7 27. Qxf5+ 1-0

[Event "Bangkok Thailand op"]
[Site "Bangkok"]
[Date "2021.12.20"]
[Round "7"]
[White "Srivatanakul, Pricha"]
[Black "Buhagiar, Melita Sunan"]
[Result "1-0"]
[WhiteElo "1317"]
[BlackElo "1258"]
[PlyCount "98"]
[EventDate "2021.12.15"]
[EventType "swiss"]
[EventRounds "9"]
[EventCountry "THA"]
[SourceTitle "CBM 206 Extra"]
[Source "ChessBase"]
[SourceDate "2022.03.31"]
[SourceVersion "1"]
[SourceVersionDate "2022.03.31"]
[SourceQuality "1"]

1. Nf3 d5 2. c4 c6 3. g3 Nf6 4. Bg2 Bg4 5. h3 Bxf3 6. Bxf3 e6 7. cxd5 exd5 8. Qb3 Qb6 9. Qxb6 axb6 10. d3 Na6 11. a3 Bd6 12. 0-0 0-0 13. Bg5 Be5 14. Nc3 Bxc3 15. bxc3 Nd7 16. Rfb1 Nc7 17. a4 Ra6 18. Be3 Rfa8 19. Bg4 Ne6 20. f4 b5 21. Kf2 Rxa4 22. Rxa4 Rxa4 23. h4 Nf6 24. Bf3 d4 25. Bd2 dxc3 26. Bxc3 Nd4 27. e4 Nxf3 28. Kxf3 Ra3 29. Bxf6 gxf6 30. Ke3 Kf8 31. g4 Ke7 32. g5 fxg5 33. hxg5 Kf8 34. f5 Kg7 35. e5 h6 36. gxh6+ Kxh6 37. Ke4 Kg7 38. f6+ Kf8 39. Rh1 Ke8 40. Rh8+ Kd7 41. Rf8 Ke6 42. Re8+ Kd7 43. Re7+ Kc8 44. Rxf7 b4 45. Rg7 Kd8 46. Rxb7 Ke8 47. Rxb4 Ra7 48. e6 Ra8 49. Rb7 Kf8 1-0

[Event "Bangkok Thailand op"]
[Site "Bangkok"]
[Date "2021.12.17"]
[Round "5"]
[White "Srivatanakul, Pricha"]
[Black "Khampliew, Phuttarak"]
[Result "1-0"]
[WhiteElo "1317"]
[BlackElo "1069"]
[PlyCount "115"]
[EventDate "2021.12.15"]
[EventType "swiss"]
[EventRounds "9"]
[EventCountry "THA"]
[SourceTitle "CBM 206 Extra"]
[Source "ChessBase"]
[SourceDate "2022.03.31"]
[SourceVersion "1"]
[SourceVersionDate "2022.03.31"]
[SourceQuality "1"]

1. Nf3 d6 2. g3 Nf6 3. Bg2 Bg4 4. d3 c6 5. Nc3 h6 6. h3 Bxf3 7. Bxf3 g6 8. 0-0 Bg7 9. Ne4 e5 10. Bd2 Nxe4 11. Bxe4 0-0 12. c4 f5 13. Bg2 Nd7 14. a4 Qf6 15. Bc3 Qe6 16. a5 d5 17. a6 Nc5 18. axb7 Nxb7 19. cxd5 cxd5 20. Qb3 Qd7 21. Bxd5+ Rf7 22. Bxf7+ Qxf7 23. Qxf7+ Kxf7 24. Ra6 Nc5 25. Rc6 Na4 26. Ra1 Nxc3 27. bxc3 a5 28. Rb1 Bf6 29. Rbb6 Bd8 30. Ra6 Rb8 31. Rxg6 h5 32. Rh6 Rb1+ 33. Kg2 Rb2 34. Rxh5 Bb6 35. Rxf5+ Ke6 36. Rh5 Kd5 37. e4+ Kc6 38. Rh6+ Kb7 39. Rhxb6+ Rxb6 40. Rxa5 Rb3 41. Rxe5 Rxc3 42. Rd5 Kc6 43. h4 Rb3 44. h5 Rb7 45. h6 Rh7 46. Rh5 Kd6 47. g4 Ke6 48. Ra5 Kf6 49. f4 Rd7 50. Rd5 Re7 51. e5+ Kg6 52. Rd6+ Kh7 53. g5 Re8 54. d4 Rf8 55. Kg3 Rf7 56. g6+ Kh8 57. Rd8+ Rf8 58. Rxf8# 1-0

[Event "Bangkok Thailand op"]
[Site "Bangkok"]
[Date "2021.12.15"]
[Round "1"]
[White "Srivatanakul, Pricha"]
[Black "Nunbhakdi, Tawin Matthew"]
[Result "0-1"]
[WhiteElo "1317"]
[BlackElo "2079"]
[PlyCount "58"]
[EventDate "2021.12.15"]
[EventType "swiss"]
[EventRounds "9"]
[EventCountry "THA"]
[SourceTitle "CBM 206 Extra"]
[Source "ChessBase"]
[SourceDate "2022.03.31"]
[SourceVersion "1"]
[SourceVersionDate "2022.03.31"]
[SourceQuality "1"]

1. Nf3 Nf6 2. c4 e6 3. g3 b6 4. Bg2 Bb7 5. 0-0 c5 6. d3 Be7 7. Nc3 0-0 8. Bf4 d5 9. cxd5 Nxd5 10. Nxd5 Bxd5 11. Qc2 Nc6 12. a3 Bxf3 13. Bxf3 Nd4 14. Qc4 b5 15. Qc3 Nxf3+ 16. exf3 Qd5 17. Kg2 Bf6 18. Qc2 Rac8 19. Rfd1 Rfd8 20. Rac1 g5 21. Be3 g4 22. Bxc5 gxf3+ 23. Kg1 Qf5 24. Kf1 Qh3+ 25. Ke1 Rd5 26. d4 Rcxc5 27. dxc5 Re5+ 28. Kd2 Re2+ 29. Kd3 Qf5# 0-1

[Event "THA-chT Rapid"]
[Site "Bangkok"]
[Date "2021.12.14"]
[Round "4.2"]
[White "Portugalera, Ric"]
[Black "Srivatanakul, Pricha"]
[Result "1-0"]
[WhiteElo "1954"]
[BlackElo "1341"]
[PlyCount "47"]
[EventDate "2021.12.13"]
[EventType "team-swiss (rapid)"]
[EventRounds "9"]
[EventCountry "THA"]
[SourceTitle "CBM 205 Extra"]
[Source "ChessBase"]
[SourceDate "2022.01.31"]
[SourceVersion "1"]
[SourceVersionDate "2022.01.31"]
[SourceQuality "1"]
[WhiteTeam "Big Rook Chess Academy"]
[BlackTeam "JCA"]
[WhiteTeamCountry "THA"]
[BlackTeamCountry "THA"]

1. d4 Nf6 2. Nf3 b6 3. c4 e6 4. a3 Be7 5. Nc3 Bb7 6. d5 0-0 7. e4 a6 8. e5 Ne8 9. Bd3 h6 10. Bc2 a5 11. Qd3 f5 12. exf6 Nxf6 13. Ne4 exd5 14. Nxf6+ Rxf6 15. Qh7+ Kf7 16. 0-0 Na6 17. Ne5+ Ke6 18. Re1 Kd6 19. Ng4 Qf8 20. Nxf6 Bxf6 21. Qd3 Nc5 22. Bf4+ Be5 23. Bxe5+ Ke6 24. Bxg7+ 1-0

[Event "THA-chT Rapid"]
[Site "Bangkok"]
[Date "2021.12.13"]
[Round "2.2"]
[White "Srivatanakul, Pricha"]
[Black "Batchis, Paul"]
[Result "1/2-1/2"]
[WhiteElo "1341"]
[BlackElo "1558"]
[PlyCount "98"]
[EventDate "2021.12.13"]
[EventType "team-swiss (rapid)"]
[EventRounds "9"]
[EventCountry "THA"]
[SourceTitle "CBM 205 Extra"]
[Source "ChessBase"]
[SourceDate "2022.01.31"]
[SourceVersion "1"]
[SourceVersionDate "2022.01.31"]
[SourceQuality "1"]
[WhiteTeam "JCA"]
[BlackTeam "Happy Pawn"]
[WhiteTeamCountry "THA"]
[BlackTeamCountry "THA"]

1. Nf3 d5 2. b3 Nf6 3. e3 g6 4. Bb2 Bg7 5. Be2 0-0 6. 0-0 Bg4 7. d3 Nbd7 8. Nbd2 c6 9. h3 Bxf3 10. Nxf3 Qc7 11. c4 e5 12. cxd5 cxd5 13. Ba3 Rfc8 14. Qd2 Qb6 15. Rfc1 Bf8 16. Bxf8 Kxf8 17. Rxc8+ Rxc8 18. Rc1 Rc6 19. g4 Qc7 20. Rxc6 Qxc6 21. g5 Ne8 22. Qb2 Qc7 23. Nd2 Ng7 24. Bf3 Qc5 25. b4 Qd6 26. Qb3 Nb6 27. a4 Qc6 28. a5 Qc1+ 29. Nf1 Nd7 30. Bxd5 Qc7 31. Bxf7 Nb8 32. Bg8 Qe7 33. h4 Nf5 34. Qe6 Qxe6 35. Bxe6 Nxh4 36. Bd5 b6 37. axb6 axb6 38. Nd2 Nd7 39. e4 Kg7 40. Kh2 h6 41. gxh6+ Kxh6 42. Kg3 g5 43. Be6 Nf8 44. Bc8 Nhg6 45. Nc4 b5 46. Nb2 Nf4 47. Ba6 Ne2+ 48. Kg4 Nd4 49. Nd1 Ng6 1/2-1/2

[Event "Nonthaburi SEA Games Qual"]
[Site "Nonthaburi"]
[Date "2021.03.05"]
[Round "4.12"]
[White "Samatthanan, Theerath"]
[Black "Srivatanakul, Pricha"]
[Result "0-1"]
[WhiteElo "1448"]
[BlackElo "1321"]
[PlyCount "129"]
[EventDate "2021.03.04"]
[EventType "swiss"]
[EventRounds "9"]
[EventCountry "THA"]
[SourceTitle "EXT 2022"]
[Source "ChessBase"]
[SourceDate "2021.10.06"]
[SourceVersion "1"]
[SourceVersionDate "2021.10.06"]
[SourceQuality "1"]

1. e4 b6 2. d4 Bb7 3. Nc3 e6 4. Be3 Bb4 5. f3 Ne7 6. Nge2 0-0 7. a3 Bxc3+ 8. Nxc3 f5 9. Qd2 Ba6 10. Bxa6 Nxa6 11. 0-0-0 d6 12. h4 c5 13. h5 Rc8 14. Bg5 h6 15. Bh4 Qe8 16. Nb5 Qxb5 17. Bxe7 Rfe8 18. Bxd6 Red8 19. e5 cxd4 20. Qxd4 Rc4 21. Qf2 Rdc8 22. Rd2 Nc5 23. Bxc5 R4xc5 24. Rhd1 Qe8 25. Qh4 Kh7 26. Kb1 Rxe5 27. Qg3 Rec5 28. Rd7 Qg8 29. c3 f4 30. Qg6+ Kh8 31. R1d6 Rg5 32. Qd3 Rf8 33. Rd8 Rgf5 34. Rxf8 Rxf8 35. Qe4 Qf7 36. Qe5 Qf5+ 37. Qxf5 Rxf5 38. Rxe6 Rxh5 39. Re4 g5 40. Kc2 Rh2 41. Re2 h5 42. Kd3 Kg7 43. Kc4 Kf6 44. Kb5 g4 45. fxg4 hxg4 46. Kc4 f3 47. Re4 Rxg2 48. Kd3 Kf5 49. Re8 Kf4 50. b4 Ra2 51. c4 Rxa3+ 52. Kd2 g3 53. c5 Ra2+ 54. Ke1 f2+ 55. Kf1 Ra1+ 56. Ke2 f1Q+ 57. Kd2 Qc1+ 58. Kd3 Ra3+ 59. Kd4 Qc3+ 60. Kd5 Qf3+ 61. Kd6 Rd3+ 62. Kc7 bxc5 63. Rf8+ Ke3 64. Rxf3+ Kxf3 65. bxc5 0-1

[Event "Nonthaburi SEA Games Qual"]
[Site "Nonthaburi"]
[Date "2021.03.04"]
[Round "2.9"]
[White "Prayoonthamrongthiti, Pisut"]
[Black "Srivatanakul, Pricha"]
[Result "1-0"]
[WhiteElo "1660"]
[BlackElo "1321"]
[PlyCount "121"]
[EventDate "2021.03.04"]
[EventType "swiss"]
[EventRounds "9"]
[EventCountry "THA"]
[SourceTitle "EXT 2022"]
[Source "ChessBase"]
[SourceDate "2021.10.06"]
[SourceVersion "1"]
[SourceVersionDate "2021.10.06"]
[SourceQuality "1"]

1. e4 b6 2. d4 Bb7 3. Bd3 e6 4. Nf3 Nf6 5. Qe2 Nc6 6. c3 Be7 7. 0-0 0-0 8. Nbd2 a5 9. Re1 a4 10. a3 Na5 11. c4 Qc8 12. Qd1 Nc6 13. Qc2 h6 14. e5 Ne8 15. Ne4 d6 16. Ng3 dxe5 17. dxe5 Bc5 18. h4 Nd4 19. Nxd4 Bxd4 20. Bf4 Qd7 21. Rad1 c5 22. Be3 Nc7 23. Be4 Ra7 24. Bxb7 Rxb7 25. Bxd4 cxd4 26. Qe4 Ne8 27. Rxd4 Qc7 28. Red1 Qe7 29. Ne2 g6 30. Nc3 h5 31. Nxa4 Ng7 32. Rd6 Rfb8 33. g3 Nf5 34. R6d2 b5 35. cxb5 Rxb5 36. b4 Qb7 37. Qxb7 R8xb7 38. Rd8+ Kg7 39. Nc5 Ra7 40. R1d3 Ne7 41. R8d7 Rxd7 42. Rxd7 Kf8 43. Rb7 Rxb7 44. Nxb7 Nc6 45. f4 Ke7 46. Kf2 Kd7 47. Ke3 Kc7 48. Nc5 Kb6 49. Nb3 Ne7 50. Nd4 Nd5+ 51. Kd3 Ka6 52. Nf3 Kb5 53. Ng5 Ka4 54. Nxf7 Kxa3 55. Nd8 Kxb4 56. Nxe6 Ne7 57. Nd4 Kc5 58. Ke4 Kc4 59. f5 gxf5+ 60. Nxf5 Nd5 61. Ne3+ 1-0

[Event "Nonthaburi SEA Games Qual"]
[Site "Nonthaburi"]
[Date "2021.03.04"]
[Round "1.7"]
[White "Srivatanakul, Pricha"]
[Black "Maneesorn, Kankawee"]
[Result "0-1"]
[WhiteElo "1321"]
[BlackElo "1881"]
[PlyCount "136"]
[EventDate "2021.03.04"]
[EventType "swiss"]
[EventRounds "9"]
[EventCountry "THA"]
[SourceTitle "EXT 2022"]
[Source "ChessBase"]
[SourceDate "2021.10.06"]
[SourceVersion "1"]
[SourceVersionDate "2021.10.06"]
[SourceQuality "1"]

1. b3 e5 2. Bb2 Nc6 3. e3 Nf6 4. Bb5 d6 5. Bxc6+ bxc6 6. Ne2 g6 7. 0-0 Bg7 8. Na3 0-0 9. Nc4 Re8 10. d3 Nd5 11. Qd2 Nb6 12. Na5 Bd7 13. c4 c5 14. Rad1 Qg5 15. Kh1 h5 16. f4 Qe7 17. fxe5 Bxe5 18. Bxe5 Qxe5 19. Rf3 Bg4 20. Rg3 Bd7 21. Rf1 h4 22. Rgf3 Rf8 23. h3 Rae8 24. R1f2 g5 25. d4 Qg7 26. dxc5 dxc5 27. Qc3 Re7 28. Qxg7+ Kxg7 29. Nc3 Re5 30. e4 Nc8 31. Rd3 Nd6 32. Re2 Rfe8 33. Rd5 f6 34. Kg1 Kf8 35. Kf1 R8e7 36. a4 Ke8 37. Ke1 g4 38. Rxe5 Rxe5 39. hxg4 Bxg4 40. Re3 f5 41. Nc6 Re6 42. Nd5 Kd7 43. Nxa7 Nxe4 44. Nb5 c6 45. Nf4 Re7 46. Na3 Kc7 47. Nb1 Rd7 48. Nc3 Nxc3 49. Rxc3 Kb6 50. Rd3 Re7+ 51. Kf2 Re4 52. g3 Ka5 53. Rd6 hxg3+ 54. Kxg3 Re3+ 55. Kh4 Rxb3 56. Rxc6 Kb4 57. Rb6+ Kxa4 58. Rxb3 Kxb3 59. Kg3 Kxc4 60. Kf2 Kc3 61. Ke3 Kb3 62. Kd2 c4 63. Nd5 Bf3 64. Ne3 c3+ 65. Kc1 f4 66. Nf5 Kc4 67. Nh4 Be4 68. Kd1 Kd3 0-1

[Event "THA-chT op"]
[Site "Bangkok"]
[Date "2020.12.14"]
[Round "9.3"]
[White "Srivatanakul, Pricha"]
[Black "Silva, Winston Joseph R"]
[Result "0-1"]
[WhiteElo "1332"]
[BlackElo "1892"]
[PlyCount "68"]
[EventDate "2020.12.10"]
[EventType "team-swiss"]
[EventRounds "9"]
[EventCountry "THA"]
[SourceTitle "CBM 199 Extra"]
[Source "ChessBase"]
[SourceDate "2021.01.31"]
[SourceVersion "1"]
[SourceVersionDate "2021.01.31"]
[SourceQuality "1"]
[WhiteTeam "JCA Aquarius"]
[BlackTeam "JCA Anglo"]
[WhiteTeamCountry "THA"]
[BlackTeamCountry "THA"]

1. b4 Nf6 2. c4 e6 3. a3 b6 4. Bb2 Bb7 5. Nc3 d5 6. cxd5 Nxd5 7. Nxd5 Bxd5 8. Qc2 a5 9. e4 Bb7 10. b5 Nd7 11. d4 Be7 12. Nf3 Bf6 13. Bd3 h6 14. 0-0 0-0 15. Rac1 Rc8 16. Rfd1 Bg5 17. Nxg5 Qxg5 18. f3 c5 19. bxc6 Rxc6 20. Qf2 Rfc8 21. Rxc6 Rxc6 22. h4 Qe7 23. Qg3 e5 24. d5 Rg6 25. Qh3 Qc5+ 26. Kf1 Qd6 27. Rc1 Nc5 28. Bb5 Qf6 29. Kg1 Qf4 30. Kh1 Qd2 31. Rxc5 bxc5 32. Bxe5 c4 33. h5 Rg5 34. f4 Qd1+ 0-1

[Event "Pattaya op"]
[Site "Pattaya"]
[Date "2019.10.24"]
[Round "3"]
[White "Burbach, Brunel Baron"]
[Black "Srivatanakul, Pricha"]
[Result "1-0"]
[WhiteElo "1548"]
[BlackElo "1431"]
[PlyCount "57"]
[EventDate "2019.10.23"]
[EventType "swiss"]
[EventRounds "9"]
[EventCountry "THA"]
[SourceTitle "CBM 195 Extra"]
[Source "ChessBase"]
[SourceDate "2020.05.31"]
[SourceVersion "1"]
[SourceVersionDate "2020.05.31"]
[SourceQuality "1"]

1. e4 c5 2. Nf3 g6 3. c3 Qa5 4. Be2 Bg7 5. 0-0 e6 6. d4 Ne7 7. Be3 d6 8. Nbd2 Nd7 9. Nc4 Qc7 10. dxc5 dxc5 11. Nd6+ Kf8 12. Ng5 Ne5 13. f4 f5 14. fxe5 Bxe5 15. Nxc8 Qxc8 16. Bc4 Kg7 17. Nxe6+ Kf6 18. Bg5+ Kf7 19. Nc7+ Kf8 20. Nxa8 h6 21. Bxe7+ Kxe7 22. Qd5 Qb8 23. Qf7+ Kd6 24. Rfd1+ Bd4+ 25. cxd4 Qxa8 26. e5+ Kc6 27. Qe6+ Kc7 28. Qd6+ Kc8 29. Be6# 1-0

[Event "Pattaya op"]
[Site "Pattaya"]
[Date "2019.10.23"]
[Round "1"]
[White "Ng, Sheng Feng"]
[Black "Srivatanakul, Pricha"]
[Result "1-0"]
[WhiteElo "1946"]
[BlackElo "1431"]
[PlyCount "73"]
[EventDate "2019.10.23"]
[EventType "swiss"]
[EventRounds "9"]
[EventCountry "THA"]
[SourceTitle "CBM 195 Extra"]
[Source "ChessBase"]
[SourceDate "2020.05.31"]
[SourceVersion "1"]
[SourceVersionDate "2020.05.31"]
[SourceQuality "1"]

1. d4 Nf6 2. c4 b6 3. Nf3 e6 4. g3 Bb7 5. Bg2 Bb4+ 6. Bd2 Qe7 7. 0-0 0-0 8. Nc3 a5 9. Qc2 d6 10. a3 Bxc3 11. Bxc3 Nbd7 12. Rfd1 Ra7 13. Re1 Ba6 14. Nd2 Rc8 15. e4 b5 16. e5 Ne8 17. cxb5 Bxb5 18. a4 Ba6 19. Bxa5 c5 20. exd6 Qxd6 21. dxc5 Rxc5 22. Bc3 Bd3 23. Qd1 Nef6 24. Bb4 Bc2 25. Bxc5 Qxc5 26. Qc1 Rc7 27. a5 Ne5 28. b4 Qb5 29. Rxe5 Qxe5 30. a6 Ne8 31. a7 Ba4 32. a8Q Rxc1+ 33. Rxc1 g6 34. Qxa4 Nf6 35. b5 Nd5 36. Qa1 Qb8 37. Bxd5 1-0

[Event "THA-ch"]
[Site "Bangkok"]
[Date "2019.05.01"]
[Round "2"]
[White "Srivatanakul, Pricha"]
[Black "Tuorila, Kai"]
[Result "0-1"]
[WhiteElo "1405"]
[BlackElo "1926"]
[PlyCount "82"]
[EventDate "2019.05.01"]
[EventType "swiss"]
[EventRounds "9"]
[EventCountry "THA"]
[SourceTitle "CBM 190 Extra"]
[Source "ChessBase"]
[SourceDate "2019.07.15"]
[SourceVersion "1"]
[SourceVersionDate "2019.07.15"]
[SourceQuality "1"]

1. Nf3 g6 2. c4 Bg7 3. d4 d6 4. g3 c6 5. Bg2 Nf6 6. 0-0 0-0 7. Nc3 Nbd7 8. Re1 d5 9. c5 Re8 10. b4 e5 11. dxe5 Ng4 12. Bf4 Ngxe5 13. Qb3 Nxf3+ 14. Bxf3 Ne5 15. Bg2 Be6 16. Bxe5 Bxe5 17. Qa3 a5 18. Rad1 axb4 19. Qxb4 Qa5 20. Qxa5 Rxa5 21. Nxd5 cxd5 22. Bxd5 Bxd5 23. Rxd5 Rxa2 24. e4 g5 25. Rd7 Rb2 26. Red1 Rc8 27. Rd8+ Rxd8 28. Rxd8+ Kg7 29. Rd5 f6 30. h3 h5 31. Kg2 Kf7 32. Kf3 Ke6 33. Rd1 Rb3+ 34. Ke2 Rb5 35. Rd8 Rxc5 36. Rh8 b5 37. Rxh5 b4 38. f4 b3 39. fxe5 b2 40. exf6 b1Q 41. Rh6 Qxe4+ 0-1

[Event "THA Amatuer-ch"]
[Site "Thailand"]
[Date "2019.02.18"]
[Round "4"]
[White "Srivatanakul, Pricha"]
[Black "Batchis, Paul"]
[Result "0-1"]
[WhiteElo "1407"]
[BlackElo "1650"]
[PlyCount "102"]
[EventDate "2019.02.16"]
[EventType "swiss"]
[EventRounds "7"]
[EventCountry "THA"]
[SourceTitle "CBM 189 Extra"]
[Source "ChessBase"]
[SourceDate "2019.06.03"]
[SourceVersion "1"]
[SourceVersionDate "2019.06.03"]
[SourceQuality "1"]

1. Nf3 d5 2. c4 e6 3. b3 Nf6 4. g3 b6 5. Bg2 Bb7 6. 0-0 Be7 7. cxd5 exd5 8. Bb2 0-0 9. Na3 Re8 10. Rc1 Na6 11. Nb5 c6 12. Nbd4 c5 13. Nf5 d4 14. Nxe7+ Qxe7 15. Re1 Rad8 16. a3 Rd6 17. Qc2 h6 18. Kf1 Re6 19. d3 Ng4 20. h3 Ne5 21. Nxe5 Bxg2+ 22. Kxg2 Rxe5 23. Kf1 Qe6 24. g4 h5 25. Qc4 Rxe2 26. Qxe6 R2xe6 27. Rxe6 Rxe6 28. Re1 Rxe1+ 29. Kxe1 hxg4 30. hxg4 Nc7 31. b4 Kf8 32. bxc5 bxc5 33. Ke2 Ke7 34. Kf3 Ke6 35. Ke4 Nd5 36. f4 Nc3+ 37. Kf3 f5 38. g5 g6 39. Bc1 Kd5 40. Kf2 Kc6 41. Ke1 Kb5 42. Kd2 Ka4 43. Kc2 Nb5 44. Kb2 Nxa3 45. Bd2 Nb5 46. Kc2 Nc7 47. Be1 Nd5 48. Bg3 Nb4+ 49. Kd2 Kb3 50. Be1 a5 51. Kd1 a4 0-1

[Event "Asia-ch Seniors 65 8th"]
[Site "Auckland"]
[Date "2017.10.10"]
[Round "2"]
[White "Legaspi, Edmundo"]
[Black "Srivatanakul, Pricha"]
[Result "1-0"]
[WhiteElo "2087"]
[BlackElo "1445"]
[PlyCount "63"]
[EventDate "2017.10.09"]
[EventType "swiss"]
[EventRounds "9"]
[EventCountry "NZL"]
[SourceTitle "CBM 181 Extra"]
[Source "ChessBase"]
[SourceDate "2017.12.12"]
[SourceVersion "1"]
[SourceVersionDate "2017.12.12"]
[SourceQuality "1"]

1. e4 c6 2. d4 d6 3. f4 Nd7 4. Nf3 Qc7 5. c4 g6 6. Nc3 Bg7 7. Be3 Qa5 8. Qd2 a6 9. Rb1 c5 10. Be2 cxd4 11. Nxd4 Ngf6 12. b4 Qd8 13. 0-0 0-0 14. Rbd1 h5 15. h3 e5 16. Nb3 Ne8 17. f5 gxf5 18. Rxf5 Ndf6 19. Rxe5 Qc7 20. Rg5 Be6 21. c5 Rc8 22. Bf4 b6 23. Bxa6 Ra8 24. cxd6 Qa7 25. b5 Rd8 26. e5 Nd7 27. Nd5 f6 28. Ne7+ Kf7 29. Qd3 Rh8 30. Nd4 Nxd6 31. exd6 fxg5 32. Qg6+ 1-0